000 00555nam a2200217Ia 4500
003 OSt
005 20220928142226.0
006 a|||||r|||| 00| 0
007 ta
008 220927b |||||||| |||| 00| 0 eng d
024 _a18793
037 _cTextual
040 _aSDCL
_cSDCL
_beng
041 _2eng
_aeng
082 _aO15:gxJ50, M5
100 _aDixit Harinarayarang
_9503003
245 0 _aShri Madpaye Dixit Charitam.
260 _c1985
942 _hO15:gxJ50, M5
_cTEXL
_2CC
999 _c821002
_d821002